000 01250cam a2200301 a 4500
001 000012085
005 20200929162704.0
008 970514s1996 ck abd 000 0 spa
010 _a97151238
020 _a9586122476
040 _aDO-SdBNP
_cDLC
050 0 0 _aF2520.1.T925
_bN84 1996
082 _annn
_bN964
245 0 0 _aNuestras caras de fiesta =
_bToru umatuchamwtu yuuegugu /
_ccompilado por Hugo Armando Camacho González ; transcripción en tikuna de Federico José Huaines, Arara ; auxiliar de investigación, Sergio Ramos del Águila, Nazareth.
246 3 1 _aToru umatuchamwtu yuuegugu
260 _aSantafé de Bogotá :
_bAsociación Eware :
_bColcultura,
_c1996.
300 _axxxii, 201 p. :
_bil., tablas, mapas ;
_c21 cm.
440 0 _aPremios nacionales de cultura, 1995
_928540
504 _aIncluye referencia al pie de páginas
546 _aEspañol y Tucuna
650 0 _aTucuna indians
_xSocial life and customs.
_928541
650 0 _aTucuna indians
_xMusic.
_928542
650 0 _aTucuna indians
_xFolklore.
_928511
650 0 _aTucuna language
_xTexts.
_928512
700 2 _aCamacho González, Hugo Armando,
_d1965-
_ecomp.
_928543
700 1 _aHuaines, Federico José
_928517
910 _aCatalogación por copia / LC
999 _c11751
_d11751